Hipias Mayor, Fedro

Uloženo v:
Podrobná bibliografie
Hlavní autor: Platón (Autor)
Další autoři: García Bacca, Juan David (traductor)
Médium: Kniha
Jazyk:španělština
Vydáno: Ciudad de México U.N.A.M 1966
Vydání:2a. ed
Edice:Bibliotheca scriptorum graecorum et romanorum mexicana
Témata:
Tagy: Přidat tag
Žádné tagy, Buďte první, kdo vytvoří štítek k tomuto záznamu!

MARC

LEADER 00000nam a2200000 a 4500
001 UCY6247
003 CL-VaPUC
005 20230601074021.0
008 950521e19660000MX |||||||||||||||||spa|d
999 |c 233826  |d 233824 
040 |c Pontificia Universidad Católica de Valparaíso 
082 0 4 |a 184  |b PLA  |2 21 
100 0 |a Platón  |e author  |9 222 
245 1 0 |a Hipias Mayor, Fedro 
250 |a 2a. ed 
260 |a Ciudad de México  |b U.N.A.M  |c 1966 
300 |a pag. irreg 
490 0 |a Bibliotheca scriptorum graecorum et romanorum mexicana 
583 |a last modification  |c 19950521 00:00:00  |k Rodrigo Vera 
650 0 |a Filosofía antigua   |9 255705 
650 0 |a Filosofía   |9 223554 
650 0 |a Belleza   |9 265712 
650 0 |a Alma   |9 259008 
650 0 |a Amor  |9 257817 
650 0 |a Filosofía del espíritu  |9 320175 
651 0 |a Grecia  |9 265314 
700 1 |a García Bacca, Juan David  |e traductor  |9 621893 
942 |c BK  |2 ddc 
945 |d 19950521 00:00:00  |a oaravena 
952 |0 0  |1 0  |4 0  |6 184_000000000000000_PLA_1966  |7 0  |8 R  |9 239598  |a BIBEDU  |b BIBEDU  |c MCIRC  |d 2019-11-18  |i 1501992  |l 3  |m 1  |o 184 PLA 1966  |p 1501992  |r 2025-03-21  |s 2025-03-17  |w 2019-11-18  |y BK_R  |k FIL